00367nam a2200145Ia 45000030006000000080041000060400015000471000018000622450046000802500014001262600046001403000006001865460012001920050017002040STCL150530s9999 xx 000 0 und d aSTCLcSTCL aJhingan, M.L. 4aThe Economics of development And planning aSixteenth bVikas publishing house;Delhic1983aDelhi a0 aEnglish20220125165615.0